El sentido del orden: estudio sobre la psicología de las artes decorativas

Saved in:
Bibliographic Details
Main Author: Gombrich, Ernst Hans (autor)
Format: Book
Language:Spanish
Published: Madrid Debate 1999
Edition:1a. ed
Subjects:
Tags: Add Tag
No Tags, Be the first to tag this record!

MARC

LEADER 00000nam a2200000 a 4500
001 UCG4488
003 CL-VaPUC
008 101104e19990000SP |||||||||||||||||spa|d
020 |a 8483061481 
082 0 4 |a 745.01921  |b GOM  |2 21 
100 |a Gombrich, Ernst Hans  |e autor  |9 598146 
245 1 3 |a El sentido del orden: estudio sobre la psicología de las artes decorativas 
250 |a 1a. ed 
300 |a 412 p 
942 |c BK 
945 |d 20101104 00:00:00  |a mfarfan 
260 |a Madrid  |b Debate  |c 1999 
650 7 |a DECORACION  |2 CL-VaPUC  |9 358110 
650 0 |a Aspectos psicológicos  |9 258128 
650 0 |a Artes decorativas  |9 266306 
583 |a last modification  |c 20101104 00:00:00  |k Rodrigo Vera 
999 |c 343191  |d 343189 
952 |0 0  |1 0  |4 0  |6 745_019210000000000_GOM_1999  |7 0  |8 A  |9 440277  |a BIBHIS  |b BIBHIS  |d 2019-11-22  |i 4731042  |o 745.01921 GOM 1999  |p 4731042  |r 2025-01-20  |w 2019-11-22  |y BK  |k HIS